Tuyển tập Đoàn Văn Cừ

Sparad:
Bibliografiska uppgifter
Huvudupphovsman: Đoàn, Văn Cừ
Materialtyp: Bok
Språk:Undetermined
Publicerad: Hà Nội Hội Nhà văn 2015
Ämnen:
Taggar: Lägg till en tagg
Inga taggar, Lägg till första taggen!
Thư viện lưu trữ: Trung tâm Học liệu Trường Đại học Cần Thơ
LEADER 00601nam a2200193Ia 4500
001 CTU_210139
008 210402s9999 xx 000 0 und d
082 |a 895.922134 
082 |b C550 
100 |a Đoàn, Văn Cừ 
245 0 |a Tuyển tập Đoàn Văn Cừ 
245 0 |c Đoàn Văn Cừ 
260 |a Hà Nội 
260 |b Hội Nhà văn 
260 |c 2015 
650 |a Vietnamese literature,Văn học Việt Nam 
650 |y 20th century,Thế kỷ 20 
904 |i Trần Thu Thảo, Trúc 
980 |a Trung tâm Học liệu Trường Đại học Cần Thơ